| 000 | 00613nam a2200205Ia 4500 | ||
|---|---|---|---|
| 005 | 20230130103416.0 | ||
| 008 | 131103s9999 xx 000 0 und d | ||
| 040 | _aLoreto College | ||
| 041 | _aEnglish | ||
| 082 |
_a833.91 _bMAN |
||
| 100 | _aMann,Thomas | ||
| 245 |
_aBuddenbrooks _b the popular novel by the greatest living man of letters _cThomas Mann translated by H.T.Lowe - Parter |
||
| 260 |
_aNew York _bPocket Books _c1952 |
||
| 300 | _a644 p.[4] | ||
| 504 | _aCardinal edition | ||
| 650 | _aGerman Fiction - 19th Century | ||
| 700 | _aLowe - Porter,H.T.,tr. | ||
| 850 | _aLCLIB | ||
| 942 | _cBK | ||
| 999 |
_c5408 _d55887 |
||